Click the Periodic Table - Statistics

General Stats
  • This quiz has been taken 93 times
  • The average score is 43 of 118
Answers on the Map
Answers color-coded by a green-red scale on the quiz's map according to % correct below.
 
Answer Stats
Answer % Correct
Nitrogen (N)
70%
Helium (He)
65%
Hydrogen (H)
65%
Chlorine (Cl)
60%
Lithium (Li)
60%
Neon (Ne)
55%
Oxygen (O)
55%
Sulfur (S)
55%
Tennessine (Ts)
55%
Uranium (U)
55%
Aluminum (Al)
50%
Argon (Ar)
50%
Berylium (Be)
50%
Boron (B)
50%
Bromine (Br)
50%
Calcium (Ca)
50%
Francium (Fr)
50%
Germanium (Ge)
50%
Gold (Au)
50%
Krypton (Kr)
50%
Neptunium (Np)
50%
Oganesson (Og)
50%
Phosphorus (P)
50%
Potassium (K)
50%
Radon (Rn)
50%
Silicon (Si)
50%
Barium (Ba)
45%
Carbon (C)
45%
Copper (Cu)
45%
Fluorine (F)
45%
Magnesium (Mg)
45%
Nickel (Ni)
45%
Selenium (Se)
45%
Technetium (Tc)
45%
Xenon (Xe)
45%
Zinc (Zn)
45%
Zirconium (Zr)
45%
Arsenic (As)
40%
Astatine (At)
40%
Cobalt (Co)
40%
Einsteinium (Es)
40%
Gallium (Ga)
40%
Lanthanum (La)
40%
Lawrencium (Lr)
40%
Livermorium (Lv)
40%
Mercury (Hg)
40%
Osmium (Os)
40%
Platinum (Pt)
40%
Radium (Ra)
40%
Rubidium (Rb)
40%
Scandium (Sc)
40%
Sodium (Na)
40%
Tin (Sn)
40%
Actinium (Ac)
35%
Antimony (Sb)
35%
Bismuth (Bi)
35%
Caesium (Cs)
35%
Chromium (Cr)
35%
Fermium (Fm)
35%
Iodine (I)
35%
Manganese (Mn)
35%
Nihonium (Nh)
35%
Niobium (Nb)
35%
Ruthenium (Ru)
35%
Strontium (Sr)
35%
Thorium (Th)
35%
Titanium (Ti)
35%
Tungsten (W)
35%
Vanadium (V)
35%
Yttrium (Y)
35%
Berkelium (Bk)
30%
Copernicium (Cn)
30%
Flerovium (Fl)
30%
Iron (Fe)
30%
Molybdenum (Mo)
30%
Moscovium (Mc)
30%
Neodymium (Nd)
30%
Nobelium (No)
30%
Praseodymium (Pr)
30%
Protactinium (Pa)
30%
Rhenium (Re)
30%
Roentgenium (Rg)
30%
Rutherfordium (Rf)
30%
Seaborgium (Sg)
30%
Tellurium (Te)
30%
Bohrium (Bh)
25%
Cadmium (Cd)
25%
Californium (Cf)
25%
Cerium (Ce)
25%
Erbium (Er)
25%
Hassium (Hs)
25%
Iridium (Ir)
25%
Lead (Pb)
25%
Lutetium (Lu)
25%
Plutonium (Pu)
25%
Polonium (Po)
25%
Promethium (Pm)
25%
Samarium (Sm)
25%
Silver (Ag)
25%
Tantalum (Ta)
25%
Terbium (Tb)
25%
Ytterbium (Yb)
25%
Darmstadtium (Ds)
20%
Dubnium (Db)
20%
Dysprosium (Dy)
20%
Europium (Eu)
20%
Hafnium (Hf)
20%
Palladium (Pd)
20%
Thulium (Tm)
20%
Americium (Am)
15%
Indium (In)
15%
Meitnerium (Mt)
15%
Mendelevium (Md)
15%
Rhodium (Rh)
15%
Thallium (Tl)
15%
Curium (Cm)
10%
Gadolinium (Gd)
10%
Holmium (Ho)
10%
No matching quizzes found
Score Distribution
Percent of People with Each Score
Percentile by Number Answered
Your Score History
You have not taken this quiz